| 000 | 00506nam a2200133Ia 4500 | ||
|---|---|---|---|
| 003 | GCL | ||
| 008 | 140319s9999 xx 000 0 ara d | ||
| 040 |
_aGCL / _cGCL |
||
| 082 | 0 | 4 |
_aم _b920.71 _bن ذ |
| 100 | 1 | _aالنجار البغدادى, محمد بن محمود | |
| 245 | 1 | 0 |
_aذيل تاريخ بغداد / _cالنجار البغدادى, محمد بن محمود |
| 260 |
_a[S.N] : _bدار الكتب العلمية للنشر والتوزيع |
||
| 490 |
_aشكاوى المصرى الفصيح _v0 |
||
| 999 |
_c59453 _d59453 |
||